Μικρασία, χαίρε : διήγησις συμβάντων

Αποθηκεύτηκε σε:
Λεπτομέρειες βιβλιογραφικής εγγραφής
Κύριος συγγραφέας: Βενέζης, Ηλίας, 1904-1973
Μορφή: Βιβλίο
Γλώσσα:Greek
Δημοσίευση: Αθήνα : Βιβλιοπωλείο της Εστίας, 1995.
Έκδοση:5η εκδ.
Σειρά:Νεοελληνική λογοτεχνία (Εστία) 168
Θέματα:
Ετικέτες: Προσθήκη ετικέτας
Δεν υπάρχουν, Καταχωρήστε ετικέτα πρώτοι!

MARC

LEADER 00000cam a2200000 i 4500
001 1/31279
008 960725s1995 gr | ||| |||| ||gre||
020 |a 9600503680 
035 |1 ΕΛΗ  |a 1996  |b 2507  |c ΒΙΒΛΙΟΘΗΚΗ  |l 10038785 
040 |a GR-MyUA  |b gre  |e AACR2 
041 0 |a gre 
082 0 |a 889.3 
100 1 |a Βενέζης, Ηλίας,   |d 1904-1973. 
245 1 0 |a Μικρασία, χαίρε :   |b διήγησις συμβάντων /   |c Ηλία Βενέζη.  
250 |a 5η εκδ.  
260 |a Αθήνα :   |b Βιβλιοπωλείο της Εστίας,   |c 1995.  
300 |a 160 σ. ;   |c 17 εκ.  
490 1 |a (Νεοελληνική λογοτεχνία   |v ; 168)  
650 0 0 |a Greek fiction. 
830 0 |a Νεοελληνική λογοτεχνία (Εστία)  |v 168 
852 |a INST  |b SAMOS  |e 19960725  |h 889.3 ΒΕΝ  |p 005300009366  |q 005300009366  |t BK  |y 0 
909 |a Σ  |b 041831